000 01001cam a22003135a 4500
001 13632105
003 Nust
005 20240425174117.0
008 010716s2001 pk 000 0 urd
010 _a 2001300062
020 _a9693512278
025 _aP-U-200130006; 05; 06
035 _a(DLC) 2001300062
040 _aDLC
_cDLC
_dDLC
042 _alcode
082 _a891.4391
_bREH
100 0 _aShafiq Ur Rahman
_d1920-1999.
_9122486
245 1 0 _aMazīd ḥamāqaten̲ /
_cShafīqurraḥmān.
260 _aLāhaur :
_bSang-i Mīl Pablīkeshanz,
_c2001.
300 _a287 p. ;
_c22 cm.
520 _aLiterary articles based on wit and humor.
546 _aIn Urdu.
880 _6100-01\(3\r
_aشفیق الرحمٰن
880 _6245-02\(3\r
_aمزید حماقتیں
_cشفیق الرحمٰن
880 _6260-03\(3\r
_aلاہور:
_bسنگ میل پبلی کیشنز،
_c2011
906 _a7
_bibc
_corigode
_d3
_encip
_f20
_gy-gencatlg
942 _2ddc
_cBK
999 _c3964
_d3964